| 000 | 00577nam a2200241 a 4500 | ||
|---|---|---|---|
| 001 | nice12345678 | ||
| 003 | IN_TiNIC | ||
| 005 | 20260116011519.0 | ||
| 008 | 050524s1869 lona grp 000 0 eng | ||
| 020 |
_a _c100 |
||
| 082 | 0 | 0 |
_a340.58 _bGRA |
| 100 | _aGrady, S C | ||
| 245 | _aInstitutes of Hindu Law Or the Ordinances of Manu | ||
| 260 |
_aLondon _bAllen and Unwin _c1869 |
||
| 300 | _a340p | ||
| 500 | _aincludes index and biblioraphy | ||
| 505 | 2 | _aindex | |
| 650 | _aManu-Laws | ||
| 700 | 1 | _aGrady, S C | |
| 902 | _bSRS | ||
| 942 | _cBK | ||
| 999 |
_c2198 _d2198 |
||